[Event "NRW Class2 0708"]
[Site "Germany"]
[Date "2008.01.13"]
[Round "5.6"]
[White "Gerusel, Mathias"]
[Black "Wallmann, Christian"]
[Result "1-0"]
[WhiteElo "2293"]
[BlackElo "1821"]
[PlyCount "47"]
[EventDate "2007.09.16"]
[EventType "team-tourn"]
[EventRounds "9"]
[EventCountry "GER"]
[SourceTitle "EXT 2009"]
[Source "ChessBase"]
[SourceDate "2008.11.26"]
[SourceVersion "1"]
[SourceVersionDate "2008.11.26"]
[SourceQuality "1"]
[WhiteTeam "Godesberg II"]
[BlackTeam "Muenster II"]
[WhiteTeamCountry "GER"]
[BlackTeamCountry "GER"]

1. d4 f5 2. g3 Nf6 3. Bg2 d5 4. Nf3 e6 5. b3 Bd6 6. Bb2 c6 7. Nbd2 Qe7 8. 0-0 0-0 9. Ne5 b6 10. Ndf3 Bb7 11. e3 Nbd7 12. Nd3 c5 13. Nfe5 Rac8 14. c4 Rfd8 15. Qe2 dxc4 16. Nxc4 Bxg2 17. Kxg2 cxd4 18. exd4 Nd5 19. Rfe1 Re8 20. Rac1 N7f6 21. Nxd6 Rxc1 22. Nxe8 Nc3 23. Nxf6+ Qxf6 24. Qxe6+ 1-0

[Event "Muensterland Verbandsklasse-A 0708"]
[Site "Germany"]
[Date "2007.12.15"]
[Round "4.4"]
[White "Wallmann, Christian"]
[Black "Klausmeier, Achim"]
[Result "1-0"]
[WhiteElo "1786"]
[BlackElo "1767"]
[PlyCount "75"]
[EventDate "2007.09.22"]
[EventType "team-tourn"]
[EventRounds "9"]
[EventCountry "GER"]
[SourceTitle "EXT 2009"]
[Source "ChessBase"]
[SourceDate "2008.11.26"]
[SourceVersion "1"]
[SourceVersionDate "2008.11.26"]
[SourceQuality "1"]
[WhiteTeam "Muenster SK III"]
[BlackTeam "Ibbenbueren"]
[WhiteTeamCountry "GER"]
[BlackTeamCountry "GER"]

1. d4 Nf6 2. c4 g6 3. Nc3 Bg7 4. e4 d6 5. Nf3 0-0 6. Be2 Nc6 7. d5 Nb8 8. 0-0 e5 9. Be3 h6 10. h3 Nbd7 11. Rc1 a6 12. b4 Ne8 13. Ne1 f5 14. f3 Ndf6 15. c5 f4 16. Bf2 Nh5 17. Nd3 Ng3 18. Re1 Qh4 19. Kh2 g5 20. cxd6 cxd6 21. Na4 Nf6 22. Nb6 Rb8 23. Nxc8 Rbxc8 24. Bxg3 fxg3+ 25. Kg1 g4 26. fxg4 Nxe4 27. Rxc8 Rxc8 28. Rf1 Nc3 29. Qc2 Qd8 30. Kh1 Ne4 31. Qa4 Qb6 32. Qd7 Rc7 33. Qe6+ Kh8 34. Qe8+ Kh7 35. g5 Nxg5 36. Bh5 Nf7 37. Bxf7 Rxf7 38. Qxf7 1-0